| 000 | 01535cam a2200325 i 4500 | ||
|---|---|---|---|
| 001 | 768714001 | ||
| 003 | CO-MdFUSB | ||
| 005 | 20220630142342.0 | ||
| 007 | ta | ||
| 008 | 040429t2004 miu b 001 0 eng | ||
| 020 | _a0802827616 | ||
| 040 |
_aDLC _beng _cCO-MdFUSB _dYDX _dUKM _dIDI _dOCLCQ _dMUQ _dOCL _dBAKER _dNLGGC _dBTCTA _dYDXCP _dNNG _dTUU _dIG# _dBDX _dOCLCA _dOCLCQ _dOCLCA _dOCLCF _dP4I _dUtOrBLW _erda |
||
| 041 | _aeng | ||
| 082 |
_223 _a224.10609 _bC537 |
||
| 100 | 1 |
_aChilds, Brevard S. _eautor |
|
| 245 | 1 | 4 |
_aThe struggle to understand Isaiah as Christian scripture / _cBrevard S. Childs. |
| 264 | 1 |
_aGrand Rapids, Mich. : _bWilliam B. Eerdmans Pub., _c[2004] |
|
| 264 | 4 | _c©2004. | |
| 300 |
_a332 páginas ; _c25 cm. |
||
| 336 |
_atexto _btxt _2rdacontent. |
||
| 337 |
_asin mediación _bn _2rdamedia. |
||
| 338 |
_avolumen _bnc _2rdacarrier. |
||
| 504 | _aIncluye referencias bibliográficas e índice. | ||
| 505 | _aPrimera recepción de la Biblia hebrea: la Septuaginta y el Nuevo Testamento -- Justino Mártir -- Ireneo -- Clemente de Alejandría -- Orígenes -- Eusebio de Cesarea -- Jerónimo -- Juan Crisóstomo -- Cirilo de Alejandría -- Teodoreto de Ciro -- Tomás de Aquino -- Nicolás de Lira -- Martín Lutero -- Juan Calvino -- Intérpretes de los siglos XVII y XVIII -- Siglos XIX y XX -- Interpretación posmoderna -- Implicaciones hermenéuticas. | ||
| 563 | _aPasta dura | ||
| 630 | 0 | 7 |
_aBiblia _pIsaías _xCrítica, interpretación, etc. |
| 942 | _cBK | ||
| 945 | _aJTF-925 | ||
| 999 |
_c67626 _d67626 |
||